000
00250 a2200097 4500
001
29745
100
_a
I E E E
245
_a
IEEE Guide for acceptance and maintenance of insulating oil in equip.
260
_a
_b
I E E E
_c
1977
090
_c
19763
_d
19763
942
_a
NUST-CAE
_c
M
_c
10850
999
_c
264818
_d
264818